• 首页
  • 本馆介绍
  • 公告通知
  • 最新文献
  • 馆藏检索
  • 电子资源
  • 读者导购
  • 参考咨询
  • 我的图书馆
  • 登录
  • 详细信息显示
  • 放入我的书架
  • 预约/预借图书
  • 作者相关作品
  • 分类相关作品
  • 丛书相关作品
  • 出版社相关作品

书目信息

  • 表格格式
  • 工作单格式
  • 卡片格式
书名: An introduction to mathematical statistics and its applications
作者:
分册号:
分册名:
出版地: Englewood Cliffs, N.J. :
 
出版社: Prentice-Hall, Inc
出版时间: 1981.
页数: 536, 60 p. ;
开本: 26cm.
丛书名:
中图分类号:
科图分类号:
其他分类号: O212:H31
主题词:
电子资源:
000 00661nam 2200205 a 4500
001 E0752479843
005 20070228144133.51
008 uu
040    @aNLC
049    @aN5LA
090    @a2/O213/LRJ///////376905/+976567/-68/ cop.2-3
090    @aO212:H31
096    @aO213 @v2
099    @dO212:H31@ex8
100 1  @aLarsen, Richard J.
245 13 @aAn introduction to mathematical statistics and its applications
260    @aEnglewood Cliffs, N.J. :@bPrentice-Hall, Inc.,@c1981.
300    @a536, 60 p. ;@c26cm.
700 1  @aMarx, Morris L., @ejt. auth. @b00 @c20020930 @lNLC09 @h2245 @lNLC09 @h2245 @lNLC09 @h1836
852 9  @bWWJC @cJ08S @k2 @hO213 @iLRJ
    
    An introduction to mathematical statistics and its applications.-Englewood Cliffs, N.J. : : Prentice-Hall, Inc., , 1981.
    536, 60 p. ; ; 26cm.
    
    
    ISBN
    
●
相关链接 在E读中查询图书 在五车中查询图书 在当当中查询图书 在豆瓣中查询图书


正题名:introduction to mathematical statistics and its applications     索取号:O212:H31/x8         预约/预借

序号 登录号 条形码 馆藏地/架位号 状态 备注
1 129279   000452254   第四借阅区/ [索取号:O212:H31/x8] 在馆    
2 129280   000452290   第四借阅区/ [索取号:O212:H31/x8] 在馆    
3 129281   000452575   第四借阅区/ [索取号:O212:H31/x8] 在馆    
4 129282   000452539   第四借阅区/ [索取号:O212:H31/x8] 在馆    
5 129283   000452619   第二样本阅览室/ [索取号:O212:H31/x8] 在馆    
唐山师范学院图书馆 欢迎您!
大连网信软件有限公司© 版权所有